logo

Bir Sreshtho Munshi Abdur Rouf Library
Jhenaidah Cadet College

Living English Speech : (Record no. 1912)

MARC details
000 -LEADER
fixed length control field 00594nam a2200217 a 4500
001 - CONTROL NUMBER
JCCL Control Number 1912
003 - CONTROL NUMBER IDENTIFIER
JCCL marc code BD-JhCC
005 - DATE AND TIME OF LATEST TRANSACTION
control field 20171209093753.0
008 - FIXED-LENGTH DATA ELEMENTS--GENERAL INFORMATION
fixed length control field 171026s1954 n |||| ||a| 000 0 eng d
035 ## - SYSTEM CONTROL NUMBER
system control number (BD-JhCC)1912
040 ## - CATALOGING SOURCE
Original cataloging agency BD-JhCC
Modifying agency BD-JhCC
041 ## - LANGUAGE CODE
Language code of Book eng
082 ## - DEWEY DECIMAL CLASSIFICATION NUMBER
Classification number 428.1
Author mark and Year ALL 1954
100 ## - MAIN ENTRY--PERSONAL NAME
Personal name Allen, W.Stannard
245 ## - TITLE STATEMENT
Title Living English Speech :
Remainder of title stress and Information Practice for the foreign student /
Statement of responsibility, etc W.Stnnard Allen
260 ## - PUBLICATION, DISTRIBUTION, ETC. (IMPRINT)
Place of publication, distribution, etc Newyork :
Name of publisher, distributor, etc Longmans ,
Date of publication, distribution, etc 1954
300 ## - PHYSICAL DESCRIPTION
Pagination 194 p .:
Dimensions 22 cm .
650 ## - SUBJECT ADDED ENTRY--TOPICAL TERM
Topical term or geographic name as entry element English Languge
942 ## - ADDED ENTRY ELEMENTS (KOHA)
Source of classification or shelving scheme Dewey Decimal Classification
Koha item type Books
Holdings
Source of classification or shelving scheme Damaged status Not for loan Home library Current library Shelving location Date of accession Total Checkouts Full call number Barcode Date last seen Copy number Koha item type
Dewey Decimal Classification     JCC Rouf Library JCC Rouf Library General Stacks 10/26/2017   428.1 ALL 1954 3369 10/26/2017 C-1 Books
Dewey Decimal Classification     JCC Rouf Library JCC Rouf Library General Stacks 12/06/2017   428.1 ALL 1954 6964 03/16/2023 C-2 Books

JCC Library | Contacts | JCC Home

Last Update on 23 September 2017
Copyright @ 2017-2020 JCC Rouf Library
Rouf Library, Jhenidah Cadet College (JCC), Bangladesh